000 00493nam a2200169 a 4500
005 20140412111349.0
008 050425s19uu xx 00 eng d
020 _a0-7214-0730-7
050 _aER
_bHa11 1982
100 _aCameron, Joan
245 _aHansel and Gretel /
_cby Joan Cameron ; illustrated by Pat Oakley.
260 _aLeicestershire, UK :
_bLadybird Books Ltd,
_c1982.
300 _a50 p. ; ill.
440 _aWell-Loved Tales
650 _aChildren stories
999 _c105282
_d105282